| Поле | Инд. | ПП | Название | Значение |
|---|---|---|---|---|
| Тип записи | a | |||
| Библиографический уровень | b | |||
| 001 | Контрольный номер | RU/IS/BASE/126622563 | ||
| 005 | Дата корректировки | 20200522190817.6 | ||
| 084 | a | Индекс другой классификации/Индекс ББК | 65.428; 65.01; 65.02(0)6 | |
| 100 | 1_ | a | Автор | Дробот Г. А. |
| 245 | a | Заглавие | Мировая торговля и перспективы развития стран третьего мира: дискуссионные подходы | |
| 504 | a | Библиография | Библиогр. ссылки | |
| 600 | a | Персоналии | Пребиш Рауль | |
| 650 | a | Основная рубрика | история экономических учений | |
| a | Основная рубрика | торговля | ||
| a | Основная рубрика | экономика | ||
| a | Основная рубрика | экономическая теория | ||
| 653 | a | Ключевые слова | XX век | |
| a | Ключевые слова | Аргентина | ||
| a | Ключевые слова | концепция взаимозависимости | ||
| a | Ключевые слова | концепция глобальной экономики | ||
| a | Ключевые слова | либерализация внешней торговли | ||
| a | Ключевые слова | либеральный подход | ||
| a | Ключевые слова | международные торговые отношения | ||
| a | Ключевые слова | международные экономические отношения | ||
| a | Ключевые слова | мировая торговля | ||
| a | Ключевые слова | мировая экономика | ||
| a | Ключевые слова | неомарксистский подход | ||
| a | Ключевые слова | новейшее время | ||
| a | Ключевые слова | политико-реалистический подход | ||
| a | Ключевые слова | политическая экономия | ||
| a | Ключевые слова | развивающиеся страны | ||
| a | Ключевые слова | тарифная политика | ||
| a | Ключевые слова | тарифные барьеры | ||
| a | Ключевые слова | торговая политика | ||
| 773 | t | Заглавие источника | Вестник Московского университета. Серия 18, Социология и политология | |
| d | Дата издания источника | 2003 | ||
| g | Прочая информация | № 3. - С. 3 - 19 | ||
| w | Контрольный № источника | RU/IS/BASE/121270811 | ||
| 901 | t | Тип документа | b |